000 00429nam a2200181Ia 4500
001 4682
005 20260306145813.0
008 260306t2010||||xx |||||||||||||| ||spa||
041 _aESP
082 _a330
_bM562
100 _aMochón Morcillo, Francisco
_eAUT
245 0 _aPrincipios de enconomía
260 _c2010
300 _axx, 409 páginas :
_c28 cm.
650 _aGEN
654 _aCAN
942 _cLIB
_dJUS
_fJUS
_2ddc
_n
999 _c4682
_d4682